1773 1624 1241 1622 1755 1451 1277 1977 1418 1035 1978 1538 1004 1193 1030 1273 1019 1863 1938 1370 1077 1990 1987 1169 1114 1106 1597 1907 1669 1764 1444 1502 1934 1723 1849 1565 1914 1280 1520 1304 1656 1727 1054 1854 1734 1422 1655 1640 1287 1460 1455 1061 1579 1268 1792 1733 1983 1700 1093 1761 1171 1004 1105 1414 1007 1528 1900 1832 1931 1577 1673 1170 1769 1693 1424 1689 1635 1423 1338 1132 1712 1808 1249 1089 1740 1902 1976 1067 1943 1607 1212 1963 1990 1588 1222 1674 1380 1546 1121 BCNSPRNW ULIB Ver.6.0+V

เปลี่ยนเป็นภาษาไทย

Change to English
 แสดงรายละเอียดบรรณานุกรม
  กลับหน้าหลัก

Brief Record : Get Marc (ISO 2709) : E-mail record : QR code < ปิดหน้าต่าง
LEADER : 00000nam 2200000uu 4500
001    13399111481
003     ULIB
008    110628s2550||||th 000 0 tha d
020    9746455486 (ล.3)
060 04 QU145^bม246ภ ล.3 2550
245 00 โภชนศาสตร์สาธารณสุข หน่วยที่ 11-15 =^bNutrition in health /^cสาขาวิชาวิทยาศาสตร์สุขภาพ มหาวิทยาลัยสุโขทัยธรรมาธิราช
246 31 Nutrition in health
250    พิมพ์ครั้งที่ 4
260    นนทบุรี :^bสำนักพิมพ์มหาวิทยาลัยสุโขทัยธรรมาธิราช,^c2550
300    3 เล่ม :^bภาพประกอบ ;^c29 ซม
650  7 โภชนบำบัด
650  7 โภชนาการ
650  7 อาหาร, การรักษาด้วยการกำหนด
710 2  มหาวิทยาลัยสุโขทัยธรรมาธิราช. ^bสาขาวิชาวิทยาศาสตร์สุขภาพ
945    ^p0^l0^i14660
945    ^p0^l0^i14659
995    กัณชพร
999    ^aใช้งานได้ทุกระบบ
รายการนี้ยังไม่มีแท็ก
คุณยังไม่ได้ล็อกอิน คุณสามารถมีกิจกรรมร่วมกับเว็บไซต์ได้ แต่ต้องล็อกอินก่อน ::
  ล็อกอิน

รายการสื่อสารสนเทศ

ลำดับที่ ประเภท เลขเรียก/บาร์โค้ด สถานที่ สถานะ
1. วิทยาศาสตร์การแพทย์ และสุขภาพ
วิทยาศาสตร์การแพทย์ และสุขภาพ
QU145 ม246ภ ล.3 2550  
  Barcode: 14659
ห้องสมุดวิทยาเขตสวรรค์ประชารักษ์
►ส่วนจัดเก็บหนังสือเก่า สปร
บนชั้น
  ขอยืม
2. วิทยาศาสตร์การแพทย์ และสุขภาพ
วิทยาศาสตร์การแพทย์ และสุขภาพ
QU145 ม246ภ ล.3 2550 ฉ.2 
  Barcode: 14660
ห้องสมุดวิทยาเขตสวรรค์ประชารักษ์
►ส่วนจัดเก็บหนังสือเก่า สปร
บนชั้น
  ขอยืม

รายการใกล้เคียง
    หัวเรื่อง [โภชนบำบัด]
    หัวเรื่อง [โภชนาการ]
    หัวเรื่อง [อาหาร, การรักษาด้วยการกำหนด]

BibComment


ยังไม่เคยถูกคอมเมนท์

คอมเมนท์ทรัพยากรรายการนี้
  คอมเมนท์: โภชนศาสตร์สาธารณส..


 Copyright 2026. Bcnsprnw @Library